| 000 | 00621nam a22001337a 4500 | ||
|---|---|---|---|
| 040 | _cRUA | ||
| 082 | _aAED SIN 2018 B650 Or.1 | ||
| 100 | _aSIN SOCHEAT ស៊ីន សុជាតិ | ||
| 245 | _aការសិក្សារអំពីប្រសិទ្ធភាពសេដ្ខកិច្ចនៃផលិតកម្មស្រូវប្រាំង នៅឃុំបាធាយ ខេត្តកំពង់ចាម | ||
| 260 |
_aRUA _bPhnom penh _c2018 |
||
| 300 |
_ax;53p _bill; _c29cm |
||
| 856 | _uhttps://drive.google.com/file/d/1dIwfVYQuqIqFUPlU5mDH7gMgF7uJPmLu/view?usp=sharing | ||
| 942 | _cAED | ||
| 999 |
_c18354 _d18354 |
||